Select the World Flags - Statistics

General Stats
  • This quiz has been taken 37,837 times
  • The average score is 96 of 125
Answer Stats
Question Tile Select % Correct
of countries with more than 100 million citizens No
99%
of countries with more than 100 million citizens Yes
98%
of countries with more than 100 million citizens No
98%
of countries with more than 100 million citizens No
98%
of countries with more than 100 million citizens No
98%
of countries with more than 100 million citizens Yes
96%
of countries with more than 100 million citizens No
95%
of countries with more than 100 million citizens No
94%
of countries with more than 100 million citizens No
94%
of countries with more than 100 million citizens No
92%
of countries with more than 100 million citizens No
92%
of countries with 8 or more land borders No
92%
of countries with 8 or more land borders No
91%
of countries with 8 or more land borders No
91%
of countries with 8 or more land borders No
91%
of countries with 8 or more land borders No
91%
of countries with 8 or more land borders No
91%
of island nations No
91%
of island nations No
91%
of island nations No
91%
of island nations No
91%
of island nations No
91%
of island nations No
91%
of island nations No
91%
of island nations No
91%
of island nations No
91%
of island nations No
91%
of island nations No
91%
of island nations No
91%
of island nations No
91%
of island nations No
91%
of island nations No
91%
of island nations No
91%
of countries with 8 or more land borders No
90%
of countries with 8 or more land borders No
90%
of countries with 8 or more land borders No
90%
of countries with 8 or more land borders No
90%
of countries with 8 or more land borders No
90%
of island nations No
90%
of island nations No
90%
of countries with more than 100 million citizens No
88%
of countries with more than 100 million citizens No
88%
of countries with more than 100 million citizens No
88%
of countries with more than 100 million citizens No
88%
of countries with 8 or more land borders No
88%
of countries with 8 or more land borders No
88%
of countries with 8 or more land borders No
88%
of countries touching the Atlantic (including connected seas) No
88%
of countries with land south of the equator (excl. dependent territories) No
88%
of countries with land south of the equator (excl. dependent territories) No
88%
of countries with land south of the equator (excl. dependent territories) No
88%
of countries with land south of the equator (excl. dependent territories) No
88%
of countries with more than 100 million citizens Yes
87%
of countries touching the Atlantic (including connected seas) No
87%
of countries touching the Atlantic (including connected seas) No
87%
of countries with land south of the equator (excl. dependent territories) No
87%
of countries with land south of the equator (excl. dependent territories) No
87%
of countries with land south of the equator (excl. dependent territories) No
87%
of countries with land south of the equator (excl. dependent territories) No
87%
of countries touching the Atlantic (including connected seas) No
86%
of countries touching the Atlantic (including connected seas) No
86%
of countries with land south of the equator (excl. dependent territories) No
86%
of countries with more than 100 million citizens No
85%
of countries with more than 100 million citizens No
85%
of countries touching the Atlantic (including connected seas) No
85%
of countries with land south of the equator (excl. dependent territories) No
85%
of countries with land south of the equator (excl. dependent territories) No
85%
of countries with more than 100 million citizens Yes
83%
of countries with 8 or more land borders No
83%
of countries with land south of the equator (excl. dependent territories) No
83%
of countries with land south of the equator (excl. dependent territories) No
83%
of countries with 8 or more land borders No
82%
of countries touching the Atlantic (including connected seas) No
82%
of countries with land south of the equator (excl. dependent territories) No
82%
of countries with more than 100 million citizens No
80%
of countries touching the Atlantic (including connected seas) Yes
80%
of countries with more than 100 million citizens Yes
78%
of island nations No
78%
of island nations Yes
77%
of island nations Yes
76%
of countries touching the Atlantic (including connected seas) Yes
76%
of countries with 8 or more land borders No
75%
of countries with 8 or more land borders Yes
74%
of island nations Yes
74%
of countries with land south of the equator (excl. dependent territories) No
74%
of countries with more than 100 million citizens Yes
73%
of countries touching the Atlantic (including connected seas) Yes
73%
of countries with 8 or more land borders Yes
72%
of island nations Yes
71%
of countries with land south of the equator (excl. dependent territories) No
71%
of countries with more than 100 million citizens Yes
70%
of island nations Yes
70%
of countries with land south of the equator (excl. dependent territories) Yes
70%
of countries touching the Atlantic (including connected seas) Yes
69%
of countries with land south of the equator (excl. dependent territories) Yes
69%
of countries touching the Atlantic (including connected seas) Yes
68%
of countries with land south of the equator (excl. dependent territories) Yes
67%
of countries touching the Atlantic (including connected seas) Yes
66%
of countries touching the Atlantic (including connected seas) Yes
66%
of countries with 8 or more land borders No
65%
of countries with land south of the equator (excl. dependent territories) No
65%
of countries with land south of the equator (excl. dependent territories) Yes
65%
of countries with more than 100 million citizens Yes
64%
of countries with 8 or more land borders Yes
59%
of countries with 8 or more land borders Yes
58%
of island nations Yes
58%
of countries touching the Atlantic (including connected seas) Yes
57%
of countries touching the Atlantic (including connected seas) Yes
56%
of countries touching the Atlantic (including connected seas) Yes
54%
of countries with 8 or more land borders Yes
50%
of countries with land south of the equator (excl. dependent territories) Yes
48%
of countries with more than 100 million citizens Yes
46%
of countries touching the Atlantic (including connected seas) Yes
45%
of countries touching the Atlantic (including connected seas) Yes
44%
of countries with land south of the equator (excl. dependent territories) Yes
44%
of countries touching the Atlantic (including connected seas) Yes
42%
of countries touching the Atlantic (including connected seas) Yes
42%
of countries touching the Atlantic (including connected seas) Yes
41%
of countries touching the Atlantic (including connected seas) Yes
38%
of countries with land south of the equator (excl. dependent territories) Yes
36%
of countries touching the Atlantic (including connected seas) Yes
35%
of countries touching the Atlantic (including connected seas) Yes
33%
of countries with 8 or more land borders Yes
22%
of countries with 8 or more land borders Yes
16%
of countries with land south of the equator (excl. dependent territories) Yes
8%
No matching quizzes found
Score Distribution
Percent of People with Each Score
Percentile by Number Answered
Your Score History
You have not taken this quiz